| 000 | 00697nam a22002297a 4500 | ||
|---|---|---|---|
| 999 |
_c15160 _d15160 |
||
| 003 | AR-CdUCM | ||
| 008 | 190426b ||||| |||| 00| 0 spa d | ||
| 020 | _a978-84-678-4035-3 | ||
| 040 |
_aMUNICIPALIDAD PROVINCIAL DEL CUSCO _cBIBLIOTECA MUNICIPAL DEL CUSCO |
||
| 041 | _hspa | ||
| 082 |
_aEP / 376.1 / _bM77 |
||
| 100 |
_aMonreal, Violeta _933057 |
||
| 245 | _a¿Que personaje te gustaría ser? / | ||
| 260 |
_aMadrid : _bAnaya, _c2013. |
||
| 300 |
_a36 páginas ; _c22 cm. _bIlustración, |
||
| 440 |
_aPreguntas para mentes despiertas _934185 |
||
| 650 |
_aAprendiendo _934186 |
||
| 650 |
_aDibujos _92628 |
||
| 650 |
_aInfancia _95236 |
||
| 942 |
_2ddc _cLIBROS |
||
| 945 |
_arah _d26/04/2019 |
||